[Event "1st Abu Dhabi Super Blitz"]
[Site "chess.com INT"]
[Date "2020.04.15"]
[Round "11"]
[White "Gretarsson, Hjorvar Steinn"]
[Black "Esipenko, Andrey"]
[Result "1-0"]
[WhiteTitle "GM"]
[BlackTitle "GM"]
[WhiteElo "2579"]
[BlackElo "2682"]
[WhiteFideId "2302241"]
[BlackFideId "24175439"]
[EventDate "2020.04.15"]
[EventType "blitz"]

1. c4 e5 2. Nc3 Nf6 3. Nf3 Nc6 4. e4 h6 5. a3 d6 6. d4 Be7 7. d5 Nb8 8. Be2 a5
9. h3 Nbd7 10. Be3 Nc5 11. Nd2 Nh7 12. b4 Na6 13. Nf3 Ng5 14. Qd2 Nxf3+ 15. Bxf3
Bg5 16. Nb5 Bd7 17. O-O O-O 18. Rfb1 Bxe3 19. Qxe3 Qg5 20. Qxg5 hxg5 21. Nc3 g6
22. Be2 b6 23. c5 bxc5 24. Bxa6 Rxa6 25. bxc5 dxc5 26. Rb7 Rc8 27. Rab1 Kf8 28.
Kf1 Ke7 29. Ke2 c4 30. Ke3 Kd6 31. R1b2 f5 32. f3 Kc5 33. Rb1 Be8 34. Rb8 Rxb8
35. Rxb8 Bd7 36. Rd8 Kd6 37. Rg8 Rb6 38. Rxg6+ Kc5 39. Rg7 Rb3 40. Kd2 Kd6 41.
Rg6+ Kc5 42. Rg7 Kd6 43. Rg6+ Ke7 44. Rxg5 Kf6 45. Rh5 Rb2+ 46. Kc1 Rxg2 47. Rh7
Rg7 48. Rxg7 Kxg7 49. h4 f4 50. a4 Kh6 51. Nb5 c6 52. Nd6 cxd5 53. exd5 c3 54.
Kc2 Kh5 55. Kxc3 Kxh4 56. Nc4 Bxa4 57. Nxe5 Kg3 58. Kd4 Bb5 59. d6 a4 60. Kc3 a3
61. Kb3 Kf2 62. Kxa3 Ke3 63. Kb4 Be8 64. Kc5 Ba4 65. Kd5 Bb3+ 66. Kc6 Ba4+ 67.
Kc5 Be8 68. Kb6 Ba4 69. Kc7 Be8 70. d7 Bxd7 71. Kxd7 1-0

[Event "1st Abu Dhabi Super Blitz"]
[Site "chess.com INT"]
[Date "2020.04.15"]
[Round "11"]
[White "Le, Quang Liem"]
[Black "Krzyzanowski, Marcin"]
[Result "0-1"]
[WhiteTitle "GM"]
[BlackTitle "GM"]
[WhiteElo "2709"]
[BlackElo "2521"]
[WhiteFideId "12401137"]
[BlackFideId "1132199"]
[EventDate "2020.04.15"]
[EventType "blitz"]

1. e4 e5 2. Nf3 Nc6 3. Bb5 a6 4. Ba4 d6 5. O-O g6 6. c3 Bg7 7. d4 Bd7 8. Bg5 f6
9. Be3 Nh6 10. h3 Nf7 11. dxe5 Ncxe5 12. Nbd2 O-O 13. Bb3 Qe7 14. Qc2 Kh8 15.
Nh2 f5 16. Rae1 Rae8 17. f4 Nc6 18. Bf2 fxe4 19. Rxe4 Qd8 20. g4 Na5 21. Rxe8
Bxe8 22. Bd5 Bc6 23. Qd3 Bxd5 24. Qxd5 Nc6 25. Re1 Qd7 26. Nhf3 Nfd8 27. Bg3 Qf7
28. Qxf7 Nxf7 29. Nb3 Nfd8 30. Kg2 Kg8 31. Re4 b5 32. Nc1 b4 33. cxb4 Bxb2 34.
Nd3 Bg7 35. Rc4 Re8 36. Kf2 d5 37. Rc1 Nd4 38. Nfe5 N8e6 39. Ke3 Nb5 40. Kd2
Ned4 41. a4 Nd6 42. Rxc7 Ne4+ 43. Ke3 Ne6 44. Rxg7+ Kxg7 45. Be1 Nd6 46. Bc3 Kg8
47. Nc5 Nc4+ 48. Kf3 d4 49. Ba1 Nxe5+ 50. fxe5 Nxc5 51. bxc5 Rxe5 52. Bxd4 Re6
53. Kf4 Kf7 54. Be5 Ke8 55. Ke4 Kd7 56. Kd5 Rc6 57. Bd6 h5 58. g5 Rc8 59. h4 Rc6
60. Be5 Re6 61. Bd6 Re1 62. c6+ Kc8 63. a5 Rh1 64. Ke6 Rxh4 65. Kf6 Rc4 66. Be5
Rxc6+ 67. Kf7 Kd7 68. Bf6 h4 69. Kxg6 h3 70. Kf7 h2 71. g6 h1=Q 72. g7 Qd5+ 73.
Kg6 Rc8 74. Kh7 Rg8 75. Kg6 Qe6 76. Kg5 Qf7 77. Kf5 Rxg7 0-1